|
|
|
|
| LEADER |
01096nam a2200241 a 4500 |
| 001 |
1484914 |
| 008 |
091103s2000 enka b 001 0 eng d |
| 020 |
|
|
|a 8170369037(India Hb)
|
| 020 |
|
|
|a 1853395196
|
| 040 |
|
|
|a Uk
|c Uk
|
| 082 |
0 |
4 |
|a 361.7091724
|2 21
|
| 100 |
1 |
|
|a Harper, Malcolm.
|
| 245 |
1 |
0 |
|a Public services through private enterprise :
|b micro-privatisation for improved delivery \
|c Malcolm Harper with Jorge Arroyo ...[et al.].
|
| 260 |
|
|
|a London :
|b Intermediate Technology, ;
|a New Delhi :
|b Vistaar Publications
|c 2000.
|
| 300 |
|
|
|a viii, 370 p. :
|c 22 cm.
|
| 504 |
|
|
|a Includes bibliographical references ([361]-362) and index.
|
| 541 |
1 |
|
|e 00008456
|
| 650 |
|
0 |
|a Municipal services
|z Developing countries.
|
| 650 |
|
0 |
|a Privatization
|z Developing countries.
|
| 650 |
|
0 |
|a Privatization
|z Developing countries.
|
| 852 |
4 |
|
|a Ayesha Abed Library
|j General Shelf
|
| 999 |
|
|
|c 5633
|d 5633
|
| 952 |
|
|
|0 0
|1 0
|2 ddc
|4 0
|6 361_709172400000000_HAR_2000
|7 0
|9 5535
|a BRACUL
|b BRACUL
|c GEN
|d 2009-11-19
|g 0.00
|l 0
|o 361.7091724 HAR
|p 3010008456
|r 2009-11-19
|t 1
|w 2009-11-19
|y BK
|x No price found in the accession register.
|